Basic of hospitality: Evolution, history and development. 2V (Record no. 24119)

MARC details
000 -LEADER
fixed length control field 00483nam a2200169Ia 4500
008 - FIXED-LENGTH DATA ELEMENTS--GENERAL INFORMATION
fixed length control field 230917s9999||||xx |||||||||||||| ||und||
020 ## - ISBN
Price RS3000
040 ## - CATALOGING SOURCE
-- 242367
Original cataloging agency VIVEKANANDA LIBRARY
041 ## - Language
-- English
082 ## - DDC NUMBER
Classification number 647.94 K129B
100 ## - MAIN ENTRY--PERSONAL NAME
Personal name Kamra, Krishan K
245 #0 - TITLE STATEMENT
Title Basic of hospitality: Evolution, history and development. 2V
260 ## - PUBLICATION, DISTRIBUTION, ETC. (IMPRINT)
Place of publication, distribution, etc New Delhi
Name of publisher, distributor, etc Kanaishka Publishers
Date of publication, distribution, etc 2012
300 ## - PHYSICAL DESCRIPTION
Pages v. p.
500 ## - GENERAL NOTE
General note 2885 25/09/2017 HBD17/7055 26/09/2017 IHTM (SFS)
942 ## - ADDED ENTRY ELEMENTS (KOHA)
Koha item type Books
Holdings
Withdrawn status Lost status Damaged status Not for loan Location (home branch) Sublocation or collection (holding branch) Shelving location Date acquired Koha issues (times borrowed) Koha full call number Accession No. Koha date last seen Koha item type
        VIVEKANANDA LIBRARY VIVEKANANDA LIBRARY IHTM Library 03/11/2017   647.94 K129B 363036 17/09/2023 Books
        VIVEKANANDA LIBRARY VIVEKANANDA LIBRARY IHTM Library 03/11/2017 1 647.94 K129B 363037 20/03/2025 Books
        VIVEKANANDA LIBRARY VIVEKANANDA LIBRARY IHTM Library 03/11/2017   647.94 K129B 363038 17/09/2023 Books
        VIVEKANANDA LIBRARY VIVEKANANDA LIBRARY IHTM Library 03/11/2017   647.94 K129B 363039 17/09/2023 Books
© Designed and Maintained by Vivekananda Library, MDU Rohtak